| 000 | 00492nam a2200169Ia 4500 | ||
|---|---|---|---|
| 003 | GCL | ||
| 008 | 140319s9999 xx 000 0 ara d | ||
| 040 |
_aGCL / _cGCL |
||
| 082 | 0 | 4 |
_aط _b823.02 _bل خ |
| 100 | 1 | _aلمعان عبدالعزيز (مترجم) | |
| 245 | 1 | 0 |
_aالخياط الشجاع / _cلمعان عبدالعزيز (مترجم) |
| 300 | _a24 ص | ||
| 490 |
_aسلسلة هوايات _v0 |
||
| 650 | 0 | 4 | _aالاطفال |
| 650 | 0 | 4 | _aقصص الاطفال |
| 942 |
_2ddc _cBK |
||
| 999 |
_c45124 _d45124 |
||